000 00913nam a2200265 a 4500
001 82765
003 BD-RjUL
005 20240124120521.0
008 180717s1970 nyu 000 0 eng d
020 _a0393099415
035 _a(BD-RjUL)82765
040 _aTAU
_beng
_cBD-RjUL
041 _aeng
082 _221
_a827.5
_bSWG 1970
100 1 _aSwift, Jonathan,
_d1667-1745
_911095
245 1 0 _aGulliver's travels :
_bAn authoritative text, the correspondence of Swift, Pope's verses on Gulliver's travels, critical essays /
_cJonathan Swift ; edited by Robert A. Greenberg
250 _a2nd ed.
260 _aNew York :
_bW. W. Norton,
_cc1970
300 _axiv, 432 p. :
_bmap
600 1 4 _aSwift, Jonathan,
_d1667-1745.
_tGulliver's travels
_911096
700 1 _aGreenberg, Robert A.
_911097
700 1 _aPope, Alexander,
_d1688-1744
_911098
942 _2ddc
_cBK
999 _c82765
_d82765